| 000 | 01199cab a2200253 4500 | ||
|---|---|---|---|
| 001 | ABS54766 | ||
| 008 | 090401t1996 xxu||||| |||| 00| 0 eng d | ||
| 035 | _a(Sirsi) u12190 | ||
| 041 | _aeng | ||
| 245 | _aProudreed Ltd v Microgen Holdings plc | ||
| 260 | _c1996 | ||
| 350 | _a0 | ||
| 490 |
_aEstates Gazette _v[1996] 12 EG 127-129(3) |
||
| 520 | _aCA 7 July 1995. Tenant O ceased trading with no assets. Defendant M as sureties to the lease, sought discussions with plaintiff landlord P with view to take a new lease in accordance with surety obligations. P agreed to the tenant`s receiver`s request for an informal surrender of the lease in return for keys and the lease. Keys were returned but not the lease. M argued that surrender of the original lease released them from their obligations as sureties. Upheld on appeal that there had been no surrender of the original lease by operation of law. | ||
| 650 | _aDISCLAIMERS | ||
| 650 | _aKEYS | ||
| 650 | _aLAW OF PROPERTY (MISCELLANEOUS PROVISIONS) ACT 1989 S2 | ||
| 650 | _aLEASES | ||
| 650 | _aSURETIES | ||
| 650 | _aSURRENDER | ||
| 690 | _aLANDLORD AND TENANT-CASE LAW-BUSINESS TENANCIES | ||
| 942 | _n0 | ||
| 948 | _c04/03/1997 | ||
| 999 |
_c7800 _d7800 |
||